000 00984nam a2200253Ia 4500
003 OSt
005 20220923212126.0
006 a|||||r|||| 00| 0
007 ta
008 220922b |||||||| |||| 00| 0 hin d
024 _a150,923
037 _cTextual
040 _aARTS
_cARTS
_bhin
041 _2hin
_ahin
082 _aG:55, 152N3
100 _aरावत, मदन स्वरूप सिंह, संपा.
_9162209
245 0 _aहिमालय का क्षेत्रीय स्वरूप एवं पर्यावरण
246 _aHimālaya kā kṣhetrīya svarūp evan paryāvaraṇa
260 _aनई दिल्ली
_b वक्षशिला प्रकाशन
_c1993
300 _a160 पृ.
_ccm.
650 _aजीव विज्ञान-पर्यावरण
942 _hG:55, 152N3
_cTEXL
_2CC
999 _c306603
_d306603